[Event "Chess.com Classic Play In"]
[Site "Chess.com INT"]
[Date "2024.05.08"]
[Round "7"]
[White "Anton Guijarro, David"]
[Black "Karthikeyan, Murali"]
[Result "0-1"]
[WhiteElo "2670"]
[BlackElo "2610"]
[PlyCount "100"]
[EventDate "2024.05.08"]
[EventType "swiss (rapid)"]
[EventRounds "9"]
[EventCountry "USA"]
[SourceTitle "CB20_2024"]
[SourceDate "2024.05.16"]
[SourceVersion "1"]
[SourceVersionDate "2024.05.16"]
[SourceQuality "1"]

1. e4 e5 2. Nf3 Nc6 3. Bc4 Nf6 4. Ng5 d5 5. exd5 Na5 6. Bb5+ c6 7. dxc6 bxc6 8. Bd3 Nd5 9. Nf3 Bd6 10. Nc3 f5 11. Nxd5 cxd5 12. b4 Nc6 13. Bb5 Bd7 14. Bb2 0-0 15. Bxc6 Bxc6 16. Nxe5 Re8 17. d4 Bb5 18. a3 Rc8 19. h4 Qc7 20. Rh3 Qxc2 21. Qxc2 Rxc2 22. a4 Bxb4+ 23. Kd1 Rd2+ 24. Kc1 Rc8+ 25. Kb1 Bf1 26. a5 Bxg2 27. Rb3 Rd1+ 28. Ka2 Rxa1+ 29. Kxa1 Bxa5 30. Ba3 Bd8 31. h5 f4 32. Rb7 Bf6 33. Be7 Bxe7 34. Rxe7 a6 35. Kb2 h6 36. Ng6 Be4 37. Nxf4 Rc2+ 38. Kb3 Rxf2 39. Ne6 Rg2 40. Kb4 Bf5 41. Nf4 Rg4 42. Nxd5 Rxd4+ 43. Kc5 Re4 44. Ra7 Be6 45. Ne7+ Kh7 46. Ng6 Bf5 47. Nf8+ Kg8 48. Ra8 Kf7 49. Kd6 Re1 50. Kd5 Be4+ 0-1

[Event "Chess.com Classic Play In"]
[Site "Chess.com INT"]
[Date "2024.05.08"]
[Round "4"]
[White "Karthikeyan, Murali"]
[Black "Le, Tuan Minh"]
[Result "0-1"]
[WhiteElo "2610"]
[BlackElo "2567"]
[PlyCount "82"]
[EventDate "2024.05.08"]
[EventType "swiss (rapid)"]
[EventRounds "9"]
[EventCountry "USA"]
[SourceTitle "CB20_2024"]
[SourceDate "2024.05.16"]
[SourceVersion "1"]
[SourceVersionDate "2024.05.16"]
[SourceQuality "1"]

1. e4 e5 2. Nf3 Nc6 3. Bb5 a6 4. Ba4 Bc5 5. c3 Nge7 6. d4 exd4 7. cxd4 Bb4+ 8. Nc3 d5 9. exd5 Nxd5 10. 0-0 0-0 11. Qc2 h6 12. a3 Nxc3 13. bxc3 Bd6 14. Bb3 Qf6 15. Be3 Bf5 16. Qd1 Rae8 17. Bc2 Na5 18. Nd2 Re7 19. Bxf5 Qxf5 20. c4 b6 21. a4 Rfe8 22. Rc1 Ba3 23. Qc2 Qh5 24. Rb1 Bd6 25. Nf3 Re4 26. c5 bxc5 27. dxc5 Bxh2+ 28. Nxh2 Rh4 29. g4 Qe5 30. f4 Qxe3+ 31. Qf2 Rh3 32. Qxe3 Rhxe3 33. Nf3 R3e4 34. Ne5 g5 35. Rbe1 Rxe1 36. Rxe1 gxf4 37. Kf2 Nb3 38. Nd3 Rd8 39. Nxf4 Nxc5 40. Rc1 Rd4 41. Ke3 Re4+ 0-1

[Event "Chess.com Classic Play In"]
[Site "Chess.com INT"]
[Date "2024.05.08"]
[Round "5"]
[White "Santos Latasa, Jaime"]
[Black "Karthikeyan, Murali"]
[Result "1/2-1/2"]
[WhiteElo "2626"]
[BlackElo "2610"]
[PlyCount "141"]
[EventDate "2024.05.08"]
[EventType "swiss (rapid)"]
[EventRounds "9"]
[EventCountry "USA"]
[SourceTitle "CB20_2024"]
[SourceDate "2024.05.16"]
[SourceVersion "1"]
[SourceVersionDate "2024.05.16"]
[SourceQuality "1"]

1. e4 e5 2. Nf3 Nc6 3. Bc4 Nf6 4. d3 Bc5 5. Be3 Bxe3 6. fxe3 d6 7. 0-0 Na5 8. Bd5 c6 9. Bxf7+ Kxf7 10. b4 Rf8 11. Qe1 Nc4 12. dxc4 Kg8 13. Nbd2 a5 14. a3 h6 15. Qe2 Be6 16. Qd3 Qc7 17. Qc3 Bf7 18. c5 dxc5 19. bxc5 Nd7 20. a4 Qd8 21. Rab1 Ra7 22. Ne1 b6 23. Nd3 Nxc5 24. Nxc5 bxc5 25. Qxc5 Qe7 26. Qc3 Re8 27. Rb6 Rb7 28. Rxb7 Qxb7 29. Qxa5 Ra8 30. Qxe5 Rxa4 31. Rb1 Qa7 32. Kf2 Kh7 33. Nb3 Ra2 34. Rb2 Bxb3 35. cxb3 Qf7+ 36. Kg3 Qg6+ 37. Kh3 h5 38. g3 Qg4+ 39. Kg2 Rxb2+ 40. Qxb2 Qxe4+ 41. Kf2 Qf5+ 42. Ke1 Qd3 43. Qe2 Qxb3 44. Qxh5+ Kg8 45. Qe8+ Kh7 46. Qe4+ Kg8 47. h4 Qc3+ 48. Ke2 c5 49. Qd3 Qb2+ 50. Qd2 Qe5 51. Qd8+ Kh7 52. Qd3+ Kh8 53. Kf3 Qf6+ 54. Kg4 Qe6+ 55. Kf4 c4 56. Qd4 Qc6 57. Qc3 Qd6+ 58. Kf3 Qc5 59. g4 Kg8 60. Qd4 Qc6+ 61. Qe4 Qc8 62. Ke2 c3 63. Kd1 c2+ 64. Kc1 Qc3 65. g5 Qb3 66. Kd2 c1Q+ 67. Kxc1 Qa3+ 68. Kd1 Qb2 69. g6 Kf8 70. Qe6 Qd2+ 71. Kxd2 1/2-1/2

[Event "Titled Tuesday intern op 06th Feb Early"]
[Site "Chess.com INT"]
[Date "2024.02.06"]
[Round "1"]
[White "Horcajuelo Rocamora, Martin"]
[Black "Karthikeyan, Murali"]
[Result "0-1"]
[WhiteElo "2181"]
[BlackElo "2610"]
[PlyCount "74"]
[EventDate "2024.02.06"]
[EventType "swiss (blitz)"]
[EventRounds "11"]
[EventCountry "USA"]
[SourceTitle "CB07_2024"]
[SourceDate "2024.02.14"]
[SourceVersion "1"]
[SourceVersionDate "2024.02.14"]
[SourceQuality "1"]

1. e4 c5 2. Nf3 e6 3. d4 cxd4 4. Nxd4 a6 5. c4 Nf6 6. Nc3 Qc7 7. a3 b6 8. Be2 Bb7 9. f3 d6 10. Be3 Nbd7 11. Rc1 Be7 12. 0-0 0-0 13. Qd2 Kh8 14. Rfd1 Rg8 15. Kh1 h6 16. Bd3 g5 17. f4 Ng4 18. Bg1 gxf4 19. Qxf4 Nde5 20. h3 Bg5 21. Qf1 Ne3 22. Qe2 Nxd1 23. Rxd1 Rg6 24. Rf1 Rag8 25. Nf3 Bf6 26. g4 Nxd3 27. Qxd3 h5 28. gxh5 Rg3 29. Qd2 Rxh3+ 30. Bh2 Rxh5 31. Qf4 Rg6 32. Rg1 Kg7 33. Rxg6+ fxg6 34. Qg4 Qxc4 35. Kg2 Bxc3 36. bxc3 Qxe4 37. Bxd6 Qxg4+ 0-1

[Event "Titled Tuesday intern op 06th Feb Early"]
[Site "Chess.com INT"]
[Date "2024.02.06"]
[Round "3"]
[White "Singh, Ojasva"]
[Black "Karthikeyan, Murali"]
[Result "0-1"]
[WhiteElo "2314"]
[BlackElo "2610"]
[PlyCount "70"]
[EventDate "2024.02.06"]
[EventType "swiss (blitz)"]
[EventRounds "11"]
[EventCountry "USA"]
[SourceTitle "CB07_2024"]
[SourceDate "2024.02.14"]
[SourceVersion "1"]
[SourceVersionDate "2024.02.14"]
[SourceQuality "1"]

1. e4 c5 2. Nf3 Nc6 3. d4 cxd4 4. Nxd4 e5 5. Nb5 d6 6. c4 a6 7. N5c3 g6 8. Be3 Nf6 9. Be2 Be6 10. 0-0 Bg7 11. Nd2 Rc8 12. Rc1 0-0 13. f3 Nd4 14. Bd3 Nh5 15. Ne2 Nc6 16. a3 Bf6 17. b4 Bg5 18. Bf2 f5 19. Rc2 Nf6 20. Rb2 Ne7 21. Nc3 Bxd2 22. Rxd2 Bxc4 23. Bxc4+ Rxc4 24. Rxd6 Qc7 25. Bb6 Qc8 26. Nd5 Nexd5 27. exd5 Kf7 28. Qe2 Re8 29. Kh1 Rc2 30. Qe1 Qc4 31. Bc5 e4 32. f4 e3 33. Rg1 Ng4 34. h3 Nf2+ 35. Kh2 Qxf4+ 0-1

[Event "Titled Tuesday intern op 06th Feb Early"]
[Site "Chess.com INT"]
[Date "2024.02.06"]
[Round "4"]
[White "Yoo, Christopher Woojin"]
[Black "Karthikeyan, Murali"]
[Result "0-1"]
[WhiteElo "2595"]
[BlackElo "2610"]
[PlyCount "128"]
[EventDate "2024.02.06"]
[EventType "swiss (blitz)"]
[EventRounds "11"]
[EventCountry "USA"]
[SourceTitle "CB07_2024"]
[SourceDate "2024.02.14"]
[SourceVersion "1"]
[SourceVersionDate "2024.02.14"]
[SourceQuality "1"]

1. d4 Nf6 2. Nf3 e6 3. c4 Nc6 4. Nc3 Bb4 5. Bd2 Qe7 6. Qc2 d6 7. e4 0-0 8. a3 Bxc3 9. Bxc3 e5 10. d5 Nd4 11. Nxd4 exd4 12. Bxd4 Qxe4+ 13. Qxe4 Nxe4 14. Bd3 Nc5 15. Bc2 Re8+ 16. Kd2 Ne4+ 17. Kc1 Nf6 18. f3 h5 19. h4 Re2 20. Rg1 c5 21. dxc6 bxc6 22. Bd3 Re6 23. b4 c5 24. bxc5 dxc5 25. Bxc5 Ba6 26. Kd2 Rc6 27. Bd4 Bxc4 28. Rgc1 Rd8 29. Rxc4 Rxc4 30. Bxc4 Rxd4+ 31. Kc3 Rxh4 32. Rb1 Rh2 33. Rb7 Rxg2 34. Bxf7+ Kh7 35. Rxa7 h4 36. Be6 Rg3 37. Kd4 h3 38. Bf5+ Kh6 39. Bxh3 Rxh3 40. Ke3 Rh2 41. a4 Ra2 42. Kf4 Kg6 43. a5 Ra4+ 44. Kg3 Nh5+ 45. Kf2 Nf4 46. Ke3 Ne6 47. Ra6 Kf5 48. Ra8 Ra3+ 49. Kf2 g5 50. a6 Nf4 51. a7 Ra2+ 52. Ke3 Ne6 53. Kd3 Kf6 54. Kc4 Kf7 55. Kd3 Nc7 56. Rh8 Rxa7 57. Ke4 Ra4+ 58. Kf5 Ra5+ 59. Kg4 Ne6 60. Rh6 Ra4+ 61. Kf5 Rf4+ 62. Ke5 Rxf3 63. Rh5 Re3+ 64. Kf5 Ng7+ 0-1

[Event "FIDE Grand Swiss"]
[Site "Douglas"]
[Date "2023.11.05"]
[Round "11"]
[White "Kozak, Adam"]
[Black "Karthikeyan, Murali"]
[Result "1-0"]
[WhiteElo "2566"]
[BlackElo "2611"]
[PlyCount "116"]
[EventDate "2023.10.25"]
[EventType "swiss"]
[EventRounds "11"]
[EventCountry "IOM"]
[SourceTitle "Mega2024 Update 01"]
[Source "Chessbase"]
[SourceDate "2023.11.12"]
[SourceVersion "1"]
[SourceVersionDate "2023.11.12"]
[SourceQuality "1"]

1. e4 c5 2. Nf3 Nc6 3. Bc4 e6 4. 0-0 a6 5. Re1 Be7 6. c3 d5 7. exd5 exd5 8. Bf1 Nf6 9. d4 0-0 10. Be3 cxd4 11. Nxd4 Ng4 12. Nd2 Nxe3 13. Rxe3 Nxd4 14. cxd4 Bg5 15. Rc3 Bf6 16. Nf3 Qd6 17. Qd2 Bf5 18. Re1 Rfe8 19. Rce3 Rxe3 20. fxe3 Re8 21. Bd3 Bd7 22. a3 g6 23. Bb1 Kg7 24. Rc1 h5 25. Qf2 Bb5 26. Rc3 Qe6 27. h3 Re7 28. Qg3 Be8 29. Qf2 a5 30. Qd2 b6 31. Qd3 Bd7 32. Qd2 Kf8 33. Qf2 b5 34. b4 axb4 35. axb4 Kg7 36. Ba2 Be8 37. Qd2 Ra7 38. Rc5 Be7 39. Bxd5 Ra1+ 40. Kf2 Qf6 41. Rc1 Bxb4 42. Qb2 Ra4 43. Qc2 Bd6 44. Kg1 Ra3 45. e4 Bf4 46. Rd1 Rxf3 47. gxf3 Bd7 48. Qf2 Bxh3 49. Kh1 b4 50. Rg1 Bd7 51. Rg2 Bh3 52. Rg1 Bd7 53. Rg2 Qa6 54. e5 Bf5 55. Be4 Bd7 56. Bd5 Be6 57. Be4 b3 58. Qh4 Be3 1-0

[Event "FIDE Grand Swiss"]
[Site "Douglas"]
[Date "2023.10.25"]
[Round "1"]
[White "Xiong, Jeffery"]
[Black "Karthikeyan, Murali"]
[Result "1/2-1/2"]
[WhiteElo "2693"]
[BlackElo "2611"]
[PlyCount "65"]
[EventDate "2023.10.25"]
[EventType "swiss"]
[EventRounds "11"]
[EventCountry "IOM"]
[SourceTitle "Mega2024 Update 01"]
[Source "Chessbase"]
[SourceDate "2023.11.12"]
[SourceVersion "1"]
[SourceVersionDate "2023.11.12"]
[SourceQuality "1"]

1. d4 Nf6 2. c4 e6 3. Nf3 d5 4. Nc3 c6 5. Bg5 Be7 6. e3 h6 7. Bh4 Nbd7 8. Qc2 b6 9. cxd5 cxd5 10. Bd3 Bb7 11. 0-0 0-0 12. Rac1 Rc8 13. Qb1 a6 14. b4 b5 15. a4 Ne4 16. Nxe4 Rxc1 17. Rxc1 dxe4 18. Bxe7 Qxe7 19. Bxe4 Bxe4 20. Qxe4 bxa4 21. Qc6 Qxb4 22. Qxd7 a3 23. Qc6 Qb2 24. Rf1 a5 25. g4 a2 26. Qa4 Rc8 27. Kg2 Kh7 28. Qd7 Rc1 29. Qxf7 Rxf1 30. Ng5+ hxg5 31. Qh5+ Kg8 32. Qe8+ Kh7 33. Qh5+ 1/2-1/2

[Event "Qatar Masters op"]
[Site "Doha"]
[Date "2023.10.15"]
[Round "5"]
[White "Visakh, Narayanan Rajeswari"]
[Black "Karthikeyan, Murali"]
[Result "0-1"]
[WhiteElo "2547"]
[BlackElo "2611"]
[PlyCount "116"]
[EventDate "2023.10.11"]
[EventType "swiss"]
[EventRounds "9"]
[EventCountry "QAT"]
[SourceTitle "Mega2024 Update 01"]
[Source "Chessbase"]
[SourceDate "2023.11.12"]
[SourceVersion "1"]
[SourceVersionDate "2023.11.12"]
[SourceQuality "1"]

1. d4 Nf6 2. c4 e6 3. Nc3 Bb4 4. f3 c5 5. d5 b5 6. e4 0-0 7. e5 Ne8 8. f4 exd5 9. cxd5 d6 10. Nf3 Nc7 11. Bd3 Bg4 12. 0-0 c4 13. Bc2 Nd7 14. Qe1 Bxf3 15. Rxf3 Re8 16. Rh3 Nf8 17. Qg3 dxe5 18. fxe5 Nxd5 19. Bg5 Be7 20. Rd1 Qb6+ 21. Kh1 Nxc3 22. bxc3 Bxg5 23. Qxg5 Qf2 24. Be4 Rad8 25. Rg1 Qd2 26. Qg3 g6 27. Bc6 Re6 28. Bxb5 Qd5 29. Qh4 Rc8 30. Ba4 Rxe5 31. Bd1 Rce8 32. Bf3 Qc5 33. Qd4 Ne6 34. Qxc5 Nxc5 35. Rh4 Ne4 36. h3 Nd2 37. Bc6 R8e6 38. Rd4 Rxc6 39. Rxd2 Re3 40. Rd7 Rf6 41. Rxa7 Rxc3 42. a4 Rc2 43. Rc7 Rf5 44. Ra1 Rg5 45. Rg1 h5 46. Rf1 Rgxg2 47. Rfxf7 Rgd2 48. Rg7+ Kf8 49. Rcf7+ Ke8 50. Re7+ Kd8 51. Re1 Rh2+ 52. Kg1 Rhg2+ 53. Kh1 c3 54. Rge7 Rh2+ 55. Kg1 Rcg2+ 56. Kf1 c2 57. a5 Rf2+ 58. Kg1 Re2 0-1

[Event "Qatar Masters op"]
[Site "Doha"]
[Date "2023.10.13"]
[Round "3"]
[White "Chen, Qi B"]
[Black "Karthikeyan, Murali"]
[Result "0-1"]
[WhiteElo "2465"]
[BlackElo "2611"]
[PlyCount "158"]
[EventDate "2023.10.11"]
[EventType "swiss"]
[EventRounds "9"]
[EventCountry "QAT"]
[SourceTitle "Mega2024 Update 01"]
[Source "Chessbase"]
[SourceDate "2023.11.12"]
[SourceVersion "1"]
[SourceVersionDate "2023.11.12"]
[SourceQuality "1"]

1. e4 c5 2. Nf3 Nc6 3. c3 Nf6 4. e5 Nd5 5. Bc4 Nb6 6. Bb3 c4 7. Bc2 Qc7 8. 0-0 Nxe5 9. Nxe5 Qxe5 10. Re1 Qc7 11. a4 e6 12. a5 Nd5 13. d3 cxd3 14. Qxd3 Nf6 15. c4 Bc5 16. h3 a6 17. Nc3 b6 18. axb6 Bxb6 19. Nd5 Nxd5 20. cxd5 Bb7 21. Ra3 Rc8 22. Rc3 Qd8 23. Bf4 Qf6 24. Re4 Rxc3 25. bxc3 Bxd5 26. Qxd5 Qxf4 27. Rxf4 exd5 28. Rb4 Bc7 29. Rb7 Kd8 30. Ra7 Re8 31. Ra8+ Ke7 32. Rxa6 Rb8 33. Ra2 Be5 34. Kf1 Bxc3 35. Ke2 Bd4 36. Bd3 g6 37. Rc2 Kd6 38. Ra2 Re8+ 39. Kf1 Bc5 40. Bb5 Rb8 41. Bd3 Rb3 42. Bc2 Rb4 43. Ba4 h5 44. Bc2 Ke5 45. Ke1 f5 46. Bd3 Kd4 47. Ke2 Rb8 48. Ba6 Re8+ 49. Kd1 Rb8 50. Rd2+ Ke5 51. Re2+ Kf6 52. Rd2 Rb1+ 53. Ke2 Ke5 54. h4 Bb4 55. Ra2 Kf4 56. Bb7 Kg4 57. g3 f4 58. gxf4 Re1+ 59. Kd3 Kxf4 60. Bxd5 Rd1+ 61. Kc4 Be7 62. Ra6 d6 63. Bf7 Kf5 64. Ra5+ Kf6 65. Bd5 Rd2 66. Ra3 Rxf2 67. Re3 Rf4+ 68. Kd3 Bf8 69. Re6+ Kf5 70. Re8 Kg4 71. Be4 Rf6 72. Bxg6 Rxg6 73. Rxf8 Kxh4 74. Ke3 Kg4 75. Rf4+ Kg5 76. Rf1 Re6+ 77. Kd4 h4 78. Rg1+ Kh5 79. Kd5 Rf6 0-1

[Event "AI Cup Play In"]
[Site "Chess.com INT"]
[Date "2023.09.18"]
[Round "2"]
[White "Potkin, Vladimir"]
[Black "Karthikeyan, Murali"]
[Result "0-1"]
[WhiteElo "2564"]
[BlackElo "2611"]
[PlyCount "82"]
[EventDate "2023.09.18"]
[EventType "swiss (rapid)"]
[EventRounds "9"]
[EventCountry "USA"]
[SourceTitle "EXT 2024"]
[Source "ChessBase"]
[SourceDate "2023.10.10"]
[SourceVersion "1"]
[SourceVersionDate "2023.10.10"]
[SourceQuality "1"]

1. e4 c5 2. Nf3 Nc6 3. Bb5 g6 4. Bxc6 dxc6 5. 0-0 Bg7 6. d3 Nf6 7. a4 a5 8. h3 0-0 9. Be3 b6 10. Qd2 Ne8 11. Nc3 e5 12. Nh2 Nc7 13. f4 exf4 14. Bxf4 Ne6 15. Bh6 Nd4 16. Rf2 f5 17. Raf1 Bxh6 18. Qxh6 Ra7 19. Nf3 Nxf3+ 20. Rxf3 Raf7 21. Kh1 Qd4 22. Rf4 Qg7 23. Qxg7+ Kxg7 24. exf5 Bxf5 25. Kh2 g5 26. R4f2 c4 27. Ne4 Bxe4 28. Rxf7+ Rxf7 29. Rxf7+ Kxf7 30. dxe4 Kf6 31. Kg3 h5 32. h4 c3 33. b3 b5 34. e5+ Kg6 35. e6 gxh4+ 36. Kxh4 b4 37. e7 Kf7 38. Kxh5 c5 39. g4 Kxe7 40. g5 Kf7 41. Kh6 Kg8 0-1

[Event "Abu Dhabi op 29th"]
[Site "Abu Dhabi"]
[Date "2023.08.17"]
[Round "2"]
[White "Karthikeyan, Murali"]
[Black "Al Hosani, Omran"]
[Result "1/2-1/2"]
[WhiteElo "2618"]
[BlackElo "2225"]
[PlyCount "81"]
[EventDate "2023.08.16"]
[EventType "swiss"]
[EventRounds "9"]
[EventCountry "UAE"]
[SourceTitle "EXT 2024"]
[Source "ChessBase"]
[SourceDate "2023.10.10"]
[SourceVersion "1"]
[SourceVersionDate "2023.10.10"]
[SourceQuality "1"]

1. Nf3 c5 2. e4 e6 3. Nc3 Nc6 4. Bb5 Nd4 5. Bd3 Ne7 6. Nxd4 cxd4 7. Nb5 Nc6 8. c3 dxc3 9. dxc3 a6 10. Nd4 Nxd4 11. cxd4 Bb4+ 12. Kf1 0-0 13. h4 d6 14. Bg5 f6 15. Be3 d5 16. e5 Bd7 17. exf6 Qxf6 18. Qh5 h6 19. Rh3 Bb5 20. Bxb5 axb5 21. Qe2 Rac8 22. Kg1 Bd6 23. Qxb5 Rc2 24. Rf1 Qe7 25. h5 Rfc8 26. a4 R8c4 27. b3 R4c3 28. a5 Qf7 29. a6 bxa6 30. Qxa6 Rc6 31. Qd3 R6c3 32. Qa6 Rc6 33. Qa5 Bc7 34. Qa8+ Kh7 35. Qa1 Qf5 36. Qb1 Bd6 37. b4 R6c4 38. b5 Rb4 39. Qd1 Rcb2 40. g4 Qe4 41. Qf3 1/2-1/2

[Event "Aix en Provence Imaweb 1st"]
[Site "Aix en Provence"]
[Date "2023.08.09"]
[Round "4"]
[White "Karthikeyan, Murali"]
[Black "Boyer, Mahel"]
[Result "1-0"]
[WhiteElo "2618"]
[BlackElo "2476"]
[PlyCount "97"]
[EventDate "2023.08.07"]
[EventType "tourn"]
[EventRounds "9"]
[EventCountry "FRA"]
[EventCategory "13"]
[SourceTitle "CBM 215 Extra"]
[Source "ChessBase"]
[SourceDate "2023.09.30"]
[SourceVersion "1"]
[SourceVersionDate "2023.09.30"]
[SourceQuality "1"]

1. e4 e6 2. d4 d5 3. Nd2 c5 4. Ngf3 a6 5. dxc5 Bxc5 6. Bd3 Nf6 7. Qe2 Qc7 8. 0-0 Nc6 9. c3 Ba7 10. exd5 Nxd5 11. Nc4 b5 12. Nce5 Bb7 13. a4 0-0 14. axb5 axb5 15. Nxc6 Bxc6 16. Bd2 b4 17. cxb4 Nf4 18. Bxf4 Qxf4 19. b5 Bd5 20. Rae1 Rfd8 21. Ne5 Bb8 22. g3 Qxe5 23. Qxe5 Bxe5 24. Rxe5 Ra4 25. Rc1 Rb4 26. Bf1 h6 27. Ree1 g5 28. b3 Rxb3 29. Rb1 Rxb1 30. Rxb1 Kf8 31. Bg2 Ke7 32. Bxd5 Rxd5 33. b6 Rd8 34. Kg2 Rb8 35. Kf3 f5 36. Ke3 Rb7 37. Kd4 Kd6 38. f4 gxf4 39. gxf4 Rd7 40. b7 Kc7+ 41. Ke5 Kb8 42. Rb2 Rd5+ 43. Kxe6 Rc5 44. Kf6 h5 45. Kg5 Rc1 46. Kxf5 Rg1 47. Ke6 h4 48. f5 Re1+ 49. Kf7 1-0

[Event "Julius Baer Play In Match"]
[Site "Chess.com INT"]
[Date "2023.07.25"]
[Round "1.1"]
[White "Flores, Diego"]
[Black "Karthikeyan, Murali"]
[Result "1-0"]
[WhiteElo "2533"]
[BlackElo "2618"]
[PlyCount "77"]
[EventDate "2023.07.24"]
[EventType "k.o. (rapid)"]
[EventRounds "1"]
[EventCountry "GER"]
[SourceTitle "CBM 215 Extra"]
[Source "ChessBase"]
[SourceDate "2023.09.30"]
[SourceVersion "1"]
[SourceVersionDate "2023.09.30"]
[SourceQuality "1"]

1. c4 e5 2. e3 Nf6 3. Nc3 Bb4 4. Nge2 c6 5. a3 Ba5 6. b4 Bc7 7. Bb2 0-0 8. Ng3 d5 9. cxd5 cxd5 10. Nb5 Nc6 11. Nxc7 Qxc7 12. Rc1 Qd6 13. Be2 Be6 14. 0-0 d4 15. Bf3 Rac8 16. Qa4 a6 17. Bxc6 Rxc6 18. Rxc6 bxc6 19. Qxa6 h5 20. exd4 exd4 21. Qd3 Rd8 22. Rc1 Ng4 23. h3 Ne5 24. Qe2 h4 25. Ne4 Qe7 26. d3 Bf5 27. Re1 Rd5 28. Bc1 Qa7 29. f4 Ng6 30. Ng5 Rd8 31. Qf3 c5 32. Kh1 cxb4 33. axb4 Qa6 34. Qh5 Bxd3 35. b5 Bxb5 36. Bd2 Qa3 37. Qh7+ Kf8 38. Rb1 Bd3 39. Bb4+ 1-0

[Event "Julius Baer Play In"]
[Site "Chess.com INT"]
[Date "2023.07.24"]
[Round "4.44"]
[White "Karthikeyan, Murali"]
[Black "Frolyanov, Dmitry"]
[Result "1/2-1/2"]
[WhiteElo "2618"]
[BlackElo "2485"]
[PlyCount "187"]
[EventDate "2023.07.24"]
[EventType "swiss (rapid)"]
[EventRounds "9"]
[EventCountry "GER"]
[SourceTitle "CBM 215 Extra"]
[Source "ChessBase"]
[SourceDate "2023.09.30"]
[SourceVersion "1"]
[SourceVersionDate "2023.09.30"]
[SourceQuality "1"]

1. e4 e5 2. Nf3 Nf6 3. Nxe5 d6 4. Nf3 Nxe4 5. Nc3 Nxc3 6. dxc3 Be7 7. Bd3 0-0 8. Be3 Nd7 9. Qd2 Nf6 10. 0-0-0 c5 11. Rhe1 Qa5 12. Kb1 Be6 13. c4 Qxd2 14. Bxd2 Rfe8 15. h3 Bd7 16. Bc3 Bc6 17. Nh4 Nd7 18. Nf5 Bf8 19. Ne3 g6 20. Nd5 Bxd5 21. cxd5 a6 22. a4 Bg7 23. Bd2 Nb6 24. a5 Nxd5 25. Be4 Nc7 26. Bf4 d5 27. Bf3 Rxe1 28. Rxe1 Ne6 29. Bc1 Rd8 30. c4 dxc4 31. Bxb7 c3 32. Bxa6 cxb2 33. Bxb2 Rb8 34. Re2 Nd4 35. Rd2 Nb3 36. Rc2 Nxa5 37. Ka2 Bxb2 38. Rxb2 Ra8 39. Rb6 Nc4 40. Rc6 Ne5 41. Rd6 Kf8 42. f4 Nc4 43. Rc6 Ne3 44. g3 Nd5 45. Kb3 Nb4 46. Bb7 Nxc6 47. Bxa8 Nd4+ 48. Kc4 Ne2 49. Kxc5 Nxg3 50. Kd4 Ke7 51. Ke3 Nf5+ 52. Ke4 Kf6 53. Bc6 Nd6+ 54. Kd5 Nc8 55. Ke4 Ne7 56. Bd7 h6 57. Ba4 Nf5 58. Bd7 Ng7 59. Bc6 Ne6 60. Bd5 g5 61. fxg5+ Nxg5+ 62. Kf4 Nxh3+ 63. Kg4 Ng5 64. Kh5 Kg7 65. Bc4 Nh7 66. Bd3 Nf6+ 67. Kh4 Nd5 68. Bb1 Nf4 69. Kg4 Ne6 70. Kh5 Ng5 71. Bc2 Nf3 72. Bb1 Nd4 73. Kg4 Nb5 74. Kh5 Nd6 75. Kg4 Ne8 76. Kh5 Nf6+ 77. Kh4 Kf8 78. Ba2 Ke7 79. Bb3 Ng8 80. Kh5 Kf6 81. Ba2 Kg7 82. Bb3 f5 83. Bc2 Nf6+ 84. Kh4 Ne4 85. Kh5 Nd6 86. Bd3 Ne4 87. Bc2 Ng3+ 88. Kh4 f4 89. Kg4 Ne2 90. Bd3 h5+ 91. Kxh5 f3 92. Kg4 Nd4 93. Kf4 Ne2+ 94. Kxf3 1/2-1/2

[Event "Aimchess Play In op"]
[Site "Chess.com INT"]
[Date "2023.06.12"]
[Round "4"]
[White "Karthikeyan, Murali"]
[Black "Erigaisi, Arjun Kumar"]
[Result "0-1"]
[WhiteElo "2628"]
[BlackElo "2702"]
[PlyCount "56"]
[EventDate "2023.06.12"]
[EventType "swiss (rapid)"]
[EventRounds "9"]
[EventCountry "USA"]
[SourceTitle "CBM 214 Extra"]
[Source "ChessBase"]
[SourceDate "2023.07.31"]
[SourceVersion "1"]
[SourceVersionDate "2023.07.31"]
[SourceQuality "1"]

1. e4 e6 2. d4 d5 3. Nd2 Nf6 4. e5 Nfd7 5. Bd3 c5 6. c3 Nc6 7. Ne2 cxd4 8. cxd4 f6 9. Nf4 Nxd4 10. Qh5+ Ke7 11. exf6+ Nxf6 12. Ng6+ hxg6 13. Qxh8 Kf7 14. 0-0 e5 15. Nb3 Nxb3 16. axb3 Bf5 17. Rd1 Qb6 18. Bxf5 gxf5 19. Qh3 Qe6 20. Qf3 f4 21. g3 g5 22. gxf4 gxf4 23. Ra5 Qc6 24. Bxf4 exf4 25. Qxf4 Bc5 26. b4 Bd6 27. Qf3 Bxb4 28. Raxd5 Rd8 0-1

[Event "Aimchess Play In m"]
[Site "Chess.com INT"]
[Date "2023.06.12"]
[Round "1.2"]
[White "Karthikeyan, Murali"]
[Black "Mishra, Abhimanyu"]
[Result "1/2-1/2"]
[WhiteElo "2628"]
[BlackElo "2574"]
[PlyCount "73"]
[EventDate "2023.06.12"]
[EventType "k.o. (rapid)"]
[EventRounds "1"]
[EventCountry "USA"]
[SourceTitle "CBM 214 Extra"]
[Source "ChessBase"]
[SourceDate "2023.07.31"]
[SourceVersion "1"]
[SourceVersionDate "2023.07.31"]
[SourceQuality "1"]

1. e4 c5 2. Nf3 d6 3. d4 cxd4 4. Nxd4 Nf6 5. Nc3 a6 6. g3 e5 7. Nde2 Be7 8. Bg2 b5 9. Nd5 Nbd7 10. Nec3 Nxd5 11. Nxd5 Nf6 12. Nxe7 Kxe7 13. 0-0 Qc7 14. c3 Rd8 15. Bg5 h6 16. Bxf6+ Kxf6 17. f4 Ke7 18. f5 f6 19. Qg4 Kf8 20. Rfd1 Bb7 21. Qf3 Rd7 22. Rd2 Rad8 23. Rad1 Qc4 24. a3 a5 25. Qe3 Ke7 26. h4 b4 27. cxb4 axb4 28. b3 Qc5 29. Qxc5 dxc5 30. Rxd7+ Rxd7 31. Rxd7+ Kxd7 32. axb4 cxb4 33. Kf2 Kd6 34. Ke3 Ba6 35. Bf3 Kc5 36. Bh5 Bb5 37. Bf7 1/2-1/2

[Event "Aimchess Play In op"]
[Site "Chess.com INT"]
[Date "2023.06.12"]
[Round "1"]
[White "Karthikeyan, Murali"]
[Black "Warmerdam, Max"]
[Result "1/2-1/2"]
[WhiteElo "2628"]
[BlackElo "2602"]
[PlyCount "71"]
[EventDate "2023.06.12"]
[EventType "swiss (rapid)"]
[EventRounds "9"]
[EventCountry "USA"]
[SourceTitle "CBM 214 Extra"]
[Source "ChessBase"]
[SourceDate "2023.07.31"]
[SourceVersion "1"]
[SourceVersionDate "2023.07.31"]
[SourceQuality "1"]

1. e4 c5 2. Nf3 d6 3. d4 cxd4 4. Nxd4 Nf6 5. Nc3 a6 6. h3 e5 7. Nde2 Be6 8. g4 h6 9. f4 exf4 10. Bxf4 Nc6 11. Qd2 Nd7 12. 0-0-0 Nde5 13. Nd5 Rc8 14. Ng3 g6 15. Be2 Bg7 16. Kb1 Bxd5 17. exd5 Na5 18. b3 Nec4 19. Bxc4 Nxc4 20. Rde1+ Kd7 21. Qb4 Qf6 22. c3 Qxf4 23. Qxb7+ Rc7 24. Re7+ Kxe7 25. Qxc7+ Kf6 26. Qxc4 Qxg3 27. Qd4+ Qe5 28. Rf1+ Ke7 29. Qa7+ Ke8 30. Qb8+ Ke7 31. Qc7+ Ke8 32. Qb8+ Ke7 33. Qb7+ Ke8 34. Qc8+ Ke7 35. Qc7+ Ke8 36. Qb8+ 1/2-1/2